| 000 | 01142nam a2200241Ia 4500 | ||
|---|---|---|---|
| 999 |
_c36805 _d36805 |
||
| 001 | 2747 | ||
| 003 | GE_BSU | ||
| 005 | 20190607144431.0 | ||
| 008 | 181216s2011||||ge |||||||||||||| ||geo|| | ||
| 020 | _a9789941412554 | ||
| 040 | _cGE_BSU | ||
| 041 | _ageo | ||
| 080 | _a316. 643 ბ-53 | ||
| 100 |
_aბერიძე, რუსუდან _92272 |
||
| 245 |
_aკონფლიქტის გადაჭრის სტრატეგიების ემპირიული კვლევა / _cრუსუდან ბერიძე ; რედ. შოთა ნადირაშვილი. |
||
| 264 |
_aბათუმი : _bშოთა რუსთაველის სახელმწ. უნ-ტის გამ-ბა, _c2011. |
||
| 300 |
_a151 გვ.: _bნახ., ცხრ. ; _c20 სმ. |
||
| 500 | _aდანართი: გვ. 147-150. | ||
| 504 | _a ბიბლიოგრ.: გვ. 141-146. | ||
| 653 | _aკონფლიქტების მოგვარება | ||
| 700 |
_aნადირაშვილი, შოთა _eრედაქტორი _9747 |
||
| 942 |
_cBK _2udc |
||